| 000 | 00682nam a2200229 a 4500 | ||
|---|---|---|---|
| 999 |
_c1234 _d1234 |
||
| 001 | 1234 | ||
| 003 | BD-JhCC | ||
| 005 | 20171021123203.0 | ||
| 008 | 171017s2007 bg |||| |||| 00| 0 ben d | ||
| 020 | _a9847000600684 | ||
| 035 | _a(BD-JhCC)1234 | ||
| 040 |
_aBD-JhCC _dBD-JhCC |
||
| 041 | _aben | ||
| 082 |
_a658.022 _bAHA 2007 |
||
| 100 | _aআহমেদ, রাজিব | ||
| 245 |
_aবাজারজাতকরণ ও বিক্রয় কারিশমা / _c রাজিব আহমেদ |
||
| 260 |
_aঢাকা : _bআগামী প্রকাশনী, |
||
| 300 |
_a119 p. : _c21 cm. |
||
| 650 | _aMarketing | ||
| 942 |
_2ddc _cBK |
||